000 00630nam a2200205 a 4500
001 000034652
005 20200930073823.0
008 111012s2005 ag 000 0 spa d
020 _a9875504351
040 _aDO-SdBNP
_bspa
_cBNPHU
082 _axxxx
_bxxxx
245 0 0 _aDesobediencia civil y otras propuestas /
_ctraducción Miguel Grinberg.
260 _aBuenos Aires, :
_bLongseller,
_c2005.
300 _a267 p. ;
_c18 cm.
490 1 _aClásicos de siempre
490 1 _aGrandes maestros
700 1 _aGrinberg, Miguel,
_etr., pról.
_960079
830 0 _aClásicos de siempre
_960025
830 0 _aGrandes maestros
_923037
999 _c34143
_d34143